| 000 | 00828nam a22002177a 4500 | ||
|---|---|---|---|
| 008 | 090330t xxu||||| |||| 00| 0 eng d | ||
| 010 | _aENG-93273 | ||
| 020 | _c100.00 | ||
| 035 | _aEN-76806 | ||
| 037 | _bDBAD / PUB | ||
| 040 |
_adpl _bEnglish |
||
| 082 | _a541.2242 | ||
| 100 | _aAmbika, R. | ||
| 245 |
_aFundamental concepts of coordination chemistry / _cby R. Ambika |
||
| 260 |
_aChennai _bThe Parkar _c2008 |
||
| 270 |
_a293, Ahamed Complex, 2nd Floor, Royapettah High Road, Royapettah, _bChennai _e600014 |
||
| 300 |
_a96p. _c21cm (pbk) |
||
| 650 | _aCoordination compounds. | ||
| 942 |
_2ddc _cEN _mAMB _h541.2242 |
||
| 999 |
_c25565 _d25565 |
||